| 000 | 00557nam a22001937a 4500 | ||
|---|---|---|---|
| 003 | KOHA_MİRAKIL | ||
| 005 | 20251116141022.0 | ||
| 008 | 251116b tu ||||| |||| 00| 0 tur d | ||
| 020 | _a9789753559195 | ||
| 040 |
_aTR-AnABB _btur _cTR-AnABB |
||
| 041 | _atur | ||
| 082 |
_a818.2302 _bGUL 2012 |
||
| 100 | 1 | _aGüleç, İsmail, | |
| 245 | 1 | 0 |
_aNasrettin Hoca'nın biri bir gün / _cİsmail Güleç |
| 260 |
_aİstanbul : _bİz Yayıncılık, _c2012 |
||
| 300 |
_a144 sayfa ; _c20 cm |
||
| 650 | 0 | 4 | _aNasreddin Hoca fıkraları |
| 942 |
_2ddc _cBK |
||
| 999 |
_c9426 _d9426 |
||
| 900 | _bGizem YORULMAZ | ||